| 000 | 00869nam a2200265 i 4500 | ||
|---|---|---|---|
| 001 | 000044884 | ||
| 003 | DO-SdBNP | ||
| 005 | 20250507145531.0 | ||
| 007 | ta | ||
| 008 | 150115s2014 dr 000 0 spa d | ||
| 020 | _a9789945166408 | ||
| 040 |
_aDO-SdBNP _bspa _cBNPHU _erda |
||
| 082 | 4 |
_axxx _bxxx _222 |
|
| 100 |
_aContreras Nuñez, Carlos, _d1951- _eautor _4aut. _952572 |
||
| 245 | 1 | 0 |
_aConceptos Básicos de gestión económica y financiera / _cCarlos Contreras Núñez. |
| 250 | _aSegunda edición revisada y ampliada | ||
| 264 | 1 |
_aSanto Domingo : _bBúho, _c2014. |
|
| 300 |
_a374 páginas ; _c28 cm. |
||
| 336 |
_atexto _btxt _2rdacontent |
||
| 337 |
_asin mediación _bn _2rdamedia |
||
| 338 |
_avolumen _bnc _2rdacarrier |
||
| 500 | _aIncluye datos biográficos del autor en la contracubierta | ||
| 504 | _aBibliografía p: 373-374 | ||
| 942 |
_2ddc _cLBS1 |
||
| 999 |
_c44373 _d44373 |
||